Carte séquentielle aléatoire des États-Unis - Erreur interdite - Statistiques

Statistiques générales
  • Ce quiz a été pris 473 fois
  • Le résultat moyen est 17 sur 50
Réponses sur la Carte
Les réponses sont colorées sur une échelle allant du rouge au vert en fonction du pourcentage des utilisateurs qui les ont devinées à leur premier essai. Vous pouvez retrouver ces pourcentages ci-dessous.
 
Statistiques - réponses
État % Correct
Floride
42%
Géorgie
42%
Californie
41%
Nevada
40%
Texas
40%
Hawaï
39%
Idaho
39%
Maine
39%
Nouveau-Mexique
39%
Dakota du Nord
38%
New York
38%
Utah
38%
Louisiane
37%
Pennsylvanie
37%
Tennessee
37%
Michigan
36%
Massachusetts
35%
Montana
35%
Rhode Island
35%
Virginie
35%
Arizona
34%
Ohio
34%
Oklahoma
34%
Wisconsin
34%
Colorado
33%
Delaware
33%
Indiana
33%
Minnesota
33%
New Jersey
33%
Oregon
33%
Washington
33%
Alaska
32%
Caroline du Nord
32%
Caroline du Sud
32%
Maryland
32%
Missouri
32%
Virginie-Occidentale
32%
Connecticut
31%
Dakota du Sud
31%
Illinois
31%
Kentucky
31%
Iowa
30%
Kansas
30%
Mississippi
30%
New Hampshire
29%
Vermont
29%
Wyoming
29%
Alabama
28%
Nebraska
28%
Arkansas
25%
Aucun quiz correspondant
Distribution des résultats
% des personnes avec chaque résultat
Percentile par nombre de réponses
Votre historique - résultats
Vous n’avez pas pris ce quiz